Drapeaux des Pays, États non-reconnus et Territoires du Monde - Statistiques

Statistiques générales
  • Ce quiz a été pris 4 473 fois
  • Le résultat moyen est 162 sur 251
Statistiques - réponses
Par images Réponse % Correct
Bangladesh
94%
Liban
93%
France
92%
Andorre
90%
Nouvelle-Zélande
89%
Lesotho
86%
Syrie
86%
Thaïlande
84%
Viêt Nam
84%
Kazakhstan
83%
Mauritanie
83%
Trinité-et-Tobago
83%
Arabie Saoudite
82%
Belgique
82%
Iran
81%
Brésil
80%
Roumanie
79%
Albanie
78%
Croatie
78%
Danemark
78%
Île Maurice
78%
Irak
78%
Irlande
78%
Israël
78%
Ouganda
78%
Qatar
78%
Seychelles
78%
Algérie
77%
Canada
77%
Japon
77%
Monaco
77%
Angola
76%
Corée du Nord
76%
Fidji
76%
Pologne
76%
République démocratique du Congo
76%
Sénégal
76%
Ukraine
76%
Burkina Faso
75%
Etats-Unis
75%
Grèce
75%
Inde
75%
Nigeria
75%
Pays-Bas
75%
Suède
75%
Turquie
75%
Allemagne
74%
Corée du Sud
74%
Géorgie
74%
Jamaïque
74%
Kosovo
74%
Lettonie
74%
Lituanie
74%
Macédoine du Nord
74%
Maroc
74%
Monténégro
74%
Paraguay
74%
Turkménistan
74%
Bulgarie
73%
Ghana
73%
Indonésie
73%
Islande
73%
Malaisie
73%
Mayotte
73%
Mexique
73%
Népal
73%
Niger
73%
Palestine
73%
Portugal
73%
République tchèque
73%
Somalie
73%
Australie
72%
Azerbaïdjan
72%
Bahreïn
72%
Côte d'Ivoire
72%
Espagne
72%
Guinée-Bissau
72%
Malawi
72%
Malte
72%
Micronésie
72%
Pakistan
72%
Russie
72%
Slovaquie
72%
Suisse
72%
Uruguay
72%
Biélorussie
71%
Cap-Vert
71%
Comores
71%
Hong Kong
71%
Koweït
71%
Luxembourg
71%
Panama
71%
Pérou
71%
Sainte-Lucie
71%
Singapour
71%
Sri Lanka
71%
Afrique du Sud
70%
Argentine
70%
Birmanie
70%
Botswana
70%
Cameroun
70%
Dominique
70%
Égypte
70%
Émirats arabes unis
70%
Équateur
70%
Érythrée
70%
Honduras
70%
Kirghizistan
70%
Norvège
70%
Philippines
70%
Rwanda
70%
Togo
70%
Tunisie
70%
Venezuela
70%
Bénin
69%
Bhoutan
69%
Burundi
69%
Chine
69%
Chypre
69%
Estonie
69%
Italie
69%
Mozambique
69%
Royaume-Uni
69%
Saint-Marin
69%
Soudan du Sud
69%
Tuvalu
69%
Barbade
68%
Cambodge
68%
Finlande
68%
Guatemala
68%
Kiribati
68%
Liechtenstein
68%
Papouasie-Nouvelle- Guinée
68%
Serbie
68%
Tchad
68%
Tonga
68%
Yémen
68%
Arménie
67%
Chili
67%
Colombie
67%
Eswatini
67%
Haïti
67%
Kenya
67%
Laos
67%
Libye
67%
République dominicaine
67%
Sierra Leone
67%
Tadjikistan
67%
Timor oriental
67%
Vanuatu
67%
Vatican
67%
Zimbabwe
67%
Bosnie-Herzégovine
66%
Brunei
66%
Costa Rica
66%
Cuba
66%
Guinée équatoriale
66%
Liberia
66%
Autriche
65%
Grenade
65%
Guinée
65%
Maldives
65%
Moldavie
65%
Ouzbékistan
65%
Salvador
65%
Taïwan
65%
Tanzanie
65%
Éthiopie
64%
Jordanie
64%
Nicaragua
64%
Slovénie
64%
Belize
63%
Hongrie
63%
Madagascar
63%
Mongolie
63%
Namibie
63%
Palaos
63%
Salomon
63%
Samoa
63%
Suriname
63%
Zambie
63%
Antigua-et-Barbuda
62%
Bolivie
62%
Djibouti
62%
Îles Marshall
62%
Mali
62%
République Centrafricaine
62%
Gabon
61%
Îles Féroé
61%
Oman
61%
République du Congo
61%
Saint-Christophe- et-Niévès
61%
Afghanistan
60%
Bahamas
60%
Guyana
60%
Porto Rico
60%
Gambie
59%
Nauru
59%
Saint-Vincent-et-les- Grenadines
59%
Soudan
59%
Groenland
58%
Île de Man
58%
Sao Tomé-et-Principe
56%
Guadeloupe
55%
Gibraltar
54%
Guam
53%
Nouvelle-Calédonie
53%
Polynésie Française
53%
Macao
52%
Chypre du Nord
51%
Îles Cocos (Keeling)
51%
Îles Vierges des États-Unis
50%
Jersey
50%
Samoa américaines
50%
Aruba
49%
Île Christmas
48%
Saint-Pierre-et-Miquelon
48%
Île Norfolk
47%
Îles Cook
47%
Guernesey
46%
Guyane
46%
Niue
46%
Haut-Karabagh
41%
Wallis-et-Futuna
41%
Ossétie du Sud
40%
Curaçao
39%
Îles Mariannes du Nord
39%
Îles Vierges britanniques
39%
République arabe sahraouie démocratique
39%
Transnistrie
39%
Tokelau
38%
Îles Turques-et-Caïques
37%
Somaliland
37%
Bermudes
35%
Îles Malouines
35%
Montserrat
35%
Sint Maarten
35%
Anguilla
34%
Bonaire
34%
Abkhazie
33%
Îles Caïmans
33%
La Réunion
31%
Îles Pitcairn
30%
Sainte-Hélène
30%
Saba
27%
Saint-Barthélemy
27%
Saint-Eustache
26%
Martinique
24%
Ascension
22%
Tristan Da Cunha
22%
Saint-Martin
21%
Aucun quiz correspondant
Distribution des résultats
% des personnes avec chaque résultat
Percentile par nombre de réponses
Votre historique - résultats
Vous n’avez pas pris ce quiz